Ubezpieczenia w obrocie zagranicznym v Polsce.

Základné právne predpisy v poisťovacej činnosti v poľskom zahraničnom obchode. Informácie pre zahraničných kontrahentov. V Poľsku môžu pracovať iba poľské poisťovne. Zahraničné subjekty vykonávajúce na poľskom území stavebné práce sú povinné uzavrieť poistky za občiansku zodpovednosť a môžu za istýc...

Full description

Saved in:
Bibliographic Details
Main Author: Kowalewski, E.
Format: Book Chapter
Language:Polish
Subjects:
Tags: Add Tag
No Tags, Be the first to tag this record!

MARC

LEADER 00000naa a2200000 4500
001 r003121
005 20220819194813.6
041 0 |a pol 
044 |a PL 
245 1 0 |a Ubezpieczenia w obrocie zagranicznym v Polsce.  |c E. Kowalewski 
520 |a Základné právne predpisy v poisťovacej činnosti v poľskom zahraničnom obchode. Informácie pre zahraničných kontrahentov. V Poľsku môžu pracovať iba poľské poisťovne. Zahraničné subjekty vykonávajúce na poľskom území stavebné práce sú povinné uzavrieť poistky za občiansku zodpovednosť a môžu za istých podmienok poistiť riziká. Poisťuje ich len poisťovňa Warta. Informácie pre poľských kontrahentov. 
610 2 0 |a poistenie 
610 2 0 |a obchod zahraničný 
610 2 0 |a PR 
610 2 0 |a predpisy právne 
610 2 0 |a poisťovne 
610 2 0 |a trh 
100 1 |a Kowalewski, E.